书目信息 |
| 题名: |
溶剂精制装置操作工
|
|
| 作者: | ;中国石油化工集团公司 , 中国石油天然气集团公司 编 | |
| 分册: | ||
| 出版信息: | 北京 中国石化出版社 2009.01 |
|
| 页数: | 111页 | |
| 开本: | 26cm | |
| 丛书名: | ||
| 单 册: | ||
| 中图分类: | TQ064 | |
| 科图分类: | ||
| 主题词: | 溶剂精制--rong ji jing zhi--化工设备--操作--技术教育--教材 | |
| 电子资源: | ||
| ISBN: | 978-7-80229-809-5 | |
| 000 | 01207nam0 2200265 450 | |
| 001 | 012009853922 | |
| 005 | 20091227085147.59 | |
| 010 | @a978-7-80229-809-5@dCNY16.00 | |
| 100 | @a20091227d2009 em y0chiy0120 ea | |
| 101 | 0 | @achi |
| 102 | @aCN@b110000 | |
| 105 | @aa a 000yy | |
| 106 | @ar | |
| 200 | 1 | @a溶剂精制装置操作工@Arong ji jing zhi zhuang zhi cao zuo gong@f中国石油化工集团公司人事部, 中国石油天然气集团公司人事服务中心编@Fzhong guo shi you hua gong ji tuan gong si ren shi bu,zhong guo shi you tian ran qi ji tuan gong si ren shi fu wu zhong xin bian |
| 210 | @a北京@c中国石化出版社@d2009.01 | |
| 215 | @a111页@c图@d26cm | |
| 300 | @a石油化工职业技能培训教材 | |
| 320 | @a有书目 (第111页) | |
| 330 | @a本书涵盖石油化工生产人员《国家职业标准》中对该工种初级工、中级工、高级工、技师各个级别的专业理论知识和操作技能的要求。 | |
| 606 | 0 | @a溶剂精制@Arong ji jing zhi@x化工设备@x操作@x技术教育@j教材 |
| 690 | @aTQ064@v4 | |
| 711 | 02 | @a中国石油化工集团公司@Azhong guo shi you hua gong ji tuan gong si@b人事部@4编 |
| 711 | 02 | @a中国石油天然气集团公司@Azhong guo shi you tian ran qi ji tuan gong si@b人事服务中心@4编 |
| 801 | 0 | @aCN@bQSSK@c20091227 |
| 905 | @b768905-09@dTQ064@eZ641@f5 | |
| 溶剂精制装置操作工/中国石油化工集团公司人事部, 中国石油天然气集团公司人事服务中心编.-北京:中国石化出版社,2009.01 |
| 111页:图;26cm |
| 石油化工职业技能培训教材 |
| ISBN 978-7-80229-809-5:CNY16.00 |
| 本书涵盖石油化工生产人员《国家职业标准》中对该工种初级工、中级工、高级工、技师各个级别的专业理论知识和操作技能的要求。 |
| ● |
| 相关链接 |
|
|
|
正题名:溶剂精制装置操作工
索取号:TQ064/Z641
 
预约/预借
| 序号 | 登录号 | 条形码 | 馆藏地/架位号 | 状态 | 备注 |
| 1 | 768905 | 207689054 | 自科库501/501自科库 138排7列5层/ [索取号:TQ064/Z641] | 在馆 | |
| 2 | 768906 | 207689063 | 期刊室512/501自科库 138排7列5层/ [索取号:TQ064/Z641] | 在馆 | |
| 3 | 768907 | 207689072 | 期刊室512/501自科库 138排7列5层/ [索取号:TQ064/Z641] | 在馆 | |
| 4 | 768908 | 207689081 | 期刊室512/501自科库 138排7列5层/ [索取号:TQ064/Z641] | 在馆 | |
| 5 | 768909 | 207689090 | 自科库501/501自科库 138排7列5层/ [索取号:TQ064/Z641] | 在馆 |